Taʿmīr-e shakhṣiyat meṅ ʿibādat kā kirdār / (Record no. 614454)
[ view plain ]
| 000 -LEADER | |
|---|---|
| fixed length control field | 01597nam a2200289 4500 |
| 020 ## - INTERNATIONAL STANDARD BOOK NUMBER | |
| International Standard Book Number | 9695560326 |
| 040 ## - CATALOGING SOURCE | |
| Transcribing agency | NSHS |
| 082 ## - DEWEY DECIMAL CLASSIFICATION NUMBER | |
| Classification number | 297.57 |
| Author Mark | FAZ |
| 100 1# - MAIN ENTRY--PERSONAL NAME | |
| Personal name | Faẓāl, Asmā ʿAlī Muḥammad |
| 9 (RLIN) | 130221 |
| 245 1# - TITLE STATEMENT | |
| Title | Taʿmīr-e shakhṣiyat meṅ ʿibādat kā kirdār / |
| Statement of responsibility, etc. | Muʾallifah Asmā ʿAlī Muḥammad Faẓāl. |
| 246 ## - VARYING FORM OF TITLE | |
| Title proper/short title | Tamir-e shakhsiyat men ibadat ka kirdar |
| 246 ## - VARYING FORM OF TITLE | |
| Title proper/short title | Tamir-e shaksiat main ibadat ka kirdar |
| 246 ## - VARYING FORM OF TITLE | |
| Title proper/short title | Tameer-e shaksiat main ibadat ka kirdar |
| 260 ## - PUBLICATION, DISTRIBUTION, ETC. | |
| Place of publication, distribution, etc. | Islāmābād: |
| Name of publisher, distributor, etc. | Daʿwah Academy, |
| Date of publication, distribution, etc. | 2006 |
| 300 ## - PHYSICAL DESCRIPTION | |
| Extent | 130 pages. |
| 500 ## - GENERAL NOTE | |
| General note | DC010725 |
| 500 ## - GENERAL NOTE | |
| General note | Religion |
| 520 ## - SUMMARY, ETC. | |
| Summary, etc. | Ta‘mīr-e Shakhṣiyat meṅ ‘Ibādat kā Kirdār" (The Role of Worship in Personality Development) highlights how acts of worship—such as prayer, fasting, remembrance of God, and sincerity—play a vital role in shaping a person’s character. Worship helps develop inner peace, discipline, humility, and a sense of purpose. It strengthens moral values, builds self-control, and keeps a person connected to a higher moral framework. When practiced regularly, worship not only improves a person’s relationship with God but also positively influences their behavior, relationships, and decisions in daily life. |
| 546 ## - LANGUAGE NOTE | |
| Language note | In Urdu. |
| 650 #0 - SUBJECT ADDED ENTRY--TOPICAL TERM | |
| Topical term or geographic name entry element | Worship (Islam) |
| 9 (RLIN) | 130036 |
| 650 #0 - SUBJECT ADDED ENTRY--TOPICAL TERM | |
| Topical term or geographic name entry element | Islam |
| General subdivision | Doctrines |
| 9 (RLIN) | 1634 |
| 650 #0 - SUBJECT ADDED ENTRY--TOPICAL TERM | |
| Topical term or geographic name entry element | Self-cultivation |
| General subdivision | Religious aspects |
| -- | Islam |
| 9 (RLIN) | 130222 |
| 650 #0 - SUBJECT ADDED ENTRY--TOPICAL TERM | |
| Topical term or geographic name entry element | Personality development |
| General subdivision | Religious aspects |
| -- | Islam |
| 9 (RLIN) | 130223 |
| 650 #0 - SUBJECT ADDED ENTRY--TOPICAL TERM | |
| Topical term or geographic name entry element | Muslim life |
| 9 (RLIN) | 130224 |
| 942 ## - ADDED ENTRY ELEMENTS (KOHA) | |
| Source of classification or shelving scheme | |
| Koha item type | Book |
| Withdrawn status | Lost status | Source of classification or shelving scheme | Damaged status | Not for loan | Permanent Location | Current Location | Date acquired | Full call number | Barcode | Date last seen | Price effective from | Koha item type |
|---|---|---|---|---|---|---|---|---|---|---|---|---|
| NUST School of Health Sciences (NSHS) | NUST School of Health Sciences (NSHS) | 07/23/2025 | 297.57 FAZ | NSHS-2020 | 07/23/2025 | 07/23/2025 | Book |
